All North American Premier League Players Ever - Statistics

General Stats
  • This quiz has been taken 29 times
    5 since last reset
  • The average score is 29 of 213
Answer Stats
Nation Clubs Years Player % Correct
Trinidad & Tobago Aston Villa, Manchester United, Blackburn, Birmingha, Sunderland 1992-2005, 2007-09 Dwight Yorke
100%
Jamaica Aston Villa 2021-present Leon Bailey
100%
Jamaica West Ham 2015-present Michail Antonio
100%
USA Leeds 2022-23, 2025-present Brenden Aaronson
67%
USA Crystal Palace 2022-present Chris Richards
67%
Canada Sheff Utd, Bournemouth 2020-21, 2023-25 Daniel Jebbison
67%
Mexico West Ham 2023-25 Edson Alvarez
67%
Jamaica Brentford 2021-present Ethan Pinnock
67%
Mexico Manchester United, West Ham 2010-16, 2017-20 Javier Hernandez
67%
Dominican Republic Leeds 2021-23 Junior Firpo
67%
Canada Blackburn, QPR, Cardiff 2009-13, 2014-15, 2018-19 Junior Hoilett
67%
Costa Rica Forest 2022-23 Keylor Navas
67%
Cuba Norwich 2019-20 Onel Hernandez
67%
Mexico Wolves, Fulham 2018-present Raul Jimenez
67%
Jamaica Newcastle 2014-16, 2017-18 Rolando Aarons
67%
USA Bolton, Fulham 2011-12, 2018-19, 2020-21, 2022-24 Tim Ream
67%
Jamaica Leicester 2014-21 Wes Morgan
67%
Jamaica Burnley, Watford 2016-20 Andre Gray
33%
Jamaica Cardiff, Fulham, Leicester 2018-19, 2020-21, 2022-25 Bobby De Cordova-Reid
33%
USA Liverpool, Blackburn, Aston Villa, Spurs 1997-2000, 2001-14 Brad Friedel
33%
USA Aston Villa, Middlesbrough 2008-09, 2011-17 Brad Guzan
33%
USA Spurs 2024-present Brandon Austin
33%
USA Everton, Fulham 2002-08 Brian McBride
33%
USA Fulham 2003-08 Carlos Bocanegra
33%
Mexico Arsenal, West Brom 2008-11 Carlos Vela
33%
USA Chelsea 2019-23 Christian Pulisic
33%
USA Sunderland, Man City 2001-07 Claudio Reyna
33%
USA Fulham, Spurs 2006-14 Clint Dempsey
33%
USA Coventry 1994-95 Cobi Jones
33%
Canada Ipswich, Chelsea, West Ham 1992-95, 1996-2001 Craig Forrest
33%
USA Huddersfield 2017-19 Danny Williams
33%
Jamaica West Brom, Derby 2002-03, 2004-06, 2007-08 Darren Moore
33%
Jamaica Ipswich 2000-01 David Johnson
33%
Jamaica Leicester, Everton 2015-23 Demarai Gray
33%
USA Fulham 2007-08, 2009-11 Eddie Johnson
33%
USA Forest 2023-24 Gio Reyna
33%
Mexico Spurs 2008-12 Giovani dos Santos
33%
Jamaica Bournemouth 2022-23 Jamal Lowe
33%
USA Watford 2006-07 Jay DeMerit
33%
USA Blackburn 2004-06 Jemal Johnson
33%
Jamaica Bolton 2001-03 Jermaine Johnson
33%
USA Blackburn 2010-11 Jermaine Jones
33%
USA Everton 1999-2002 Joe-Max Moore
33%
USA Bolton 2006-07 Johann Smith
33%
USA Sheff Wed, West Ham, Forest 1992-93, 1995-96. 1998-99 John Harkes
33%
USA Manchester United, Charlton, West Ham 2004-11 Jonathan Spector
33%
USA Hull, Sunderland 2009-10, 2013-15 Jozy Altidore
33%
Mexico Bournemouth 2024-25 Julian Araujo
33%
USA Leicester, Tottenham, Southampton, Fulham 1996-99, 2001-05, 2007-08 Kasey Keller
33%
Trinidad & Tobago Southampton, Sunderland, Stoke, Cardiff 2004-05, 2007-14 Kenwyne Jones
33%
USA Everton 2009-10, 2011-12 Landon Donovan
33%
Jamaica Leicester 2014-15 Liam Moore
33%
USA Reading, Wolves 2006-08, 2009-11 Marcus Hahnemann
33%
Jamaica Watford, Wigan, Hull, Middlesbrough 2006-10 Marlon King
33%
Jamaica Everton, Sheff Utd 2016-25 Mason Holgate
33%
USA Forest 2023-24 Matt Turner
33%
USA Stoke 2012-13 Maurice Edu
33%
USA Aston Villa 2010-11 Michael Bradley
33%
Jamaica Birmingham, Derby 2002-03, 2007-08 Michael Johnson
33%
Costa Rica Derby, West Ham, Man City 1996-2001, 2003-04 Paulo Wanchope
33%
Montserrat Norwich, Newcastle, Spurs 1992-2000 Ruel Fox
33%
Canada Burnley 2014-15, 2016-18 Scott Arfield
33%
Bermuda Man City 2000-01, 2002-03 Shaun Goater
33%
Trinidad & Tobago Birmingham, Sunderland 2002-05, 2007-08 Stern John
33%
Canada Wolves 2020-21 Theo Corbeanu
33%
USA Manchester United, Everton 2003-16 Tim Howard
33%
USA Leeds, Bournemouth 2022-present Tyler Adams
33%
Honduras Birmingham, Wigan, Tottenham, Stoke 2007-15 Wilson Palacios
33%
St Kitts & Nevis West Ham 1999-2000 Adam Newton
0%
Jamaica Watford, Reading, Crystal Palace 2006-07, 2012-20 Adrian Mariappa
0%
Jamaica Luton 2023-24 Amari'i Bell
0%
Jamaica Sheffiled United 2023-24 Andre Brooks
0%
Jamaica Chelsea 2004-05 Anthony Grant
0%
USA Fulham 2020-21, 2022-present Antonee Robinson
0%
USA Sheffield United 2023-24 Auston Trusty
0%
Jamaica Fulham 2001-04 Barry Hayles
0%
USA Derby 2007-08 Benny Feilhaber
0%
St Kitts & Nevis Crystal Palace 1992-93, 1994-95 Bobby Bowry
0%
USA Reading 2006-08 Bobby Convey
0%
Costa Rica Forest 2023-24 Brandon Aguilera
0%
Montserrat QPR 2014-15 Brandon Comley
0%
USA Stoke 2012-14 Brek Shea
0%
Montserrat Crystal Palace 1994-95, 1997-98 Bruce Dyer
0%
Costa Rica Everton, Sunderland 2012-17 Bryan Oviedo
0%
Costa Rica Fulham 2011-14 Bryan Ruiz
0%
St Kitts & Nevis Fulham 2001-03 Callum Willock
0%
Guyana Wimbledon, Newcastle, Wolves 1996-2004 Carl Cort
0%
Trinidad & Tobago Sunderland 2007-09 Carlos Edwards
0%
Mexico Fulham 2010-11 Carlos Salcido
0%
Costa Rica West Brom 2014-16 Christian Gamboa
0%
Jamaica Sheff Utd, Derby 2006-08 Claude Davis
0%
Trinidad & Tobago Barnsley 1997-98 Clint Marcelle
0%
Curacao Southampton, Everton 2015-18 Cuco Martina
0%
USA Man City 2006-07 DaMarcus Beasley
0%
Jamaica Wimbledon, Norwich, Wigan, Watford 1997-98, 1999-2000, 2004-07 Damien Francis
0%
Jamaica QPR 1992-93, 1994-96 Danny Maddix
0%
Jamaica Aston Villa 1997-98 Darren Byfield
0%
Jamaica Derby, Birmingham 1996-2003 Darryl Powell
0%
Canada Newcastle, Burnley 2006-10 David Edgar
0%
USA Spurs, Sunderland, Newcastle 2014-16, 2017-21 DeAndre Yedlin
0%
Grenada Bolton 2002-04 Delroy Facey
0%
Jamaica Derby, Portsmouth 1997-2002, 2003-04 Deon Burton
0%
Antigua & Barbuda Southampton 2004-05 Dexter Blackstock
0%
Jamaica Wolves 2022-23 Dexter Lembikisa
0%
Antigua & Barbuda Watford 2016-17 Dion Pereira
0%
USA Fulham, Derby 2001-02, 2007-08 Eddie Lewis
0%
Jamaica Norwich 2011-14 Elliott Bennett
0%
USA Bournemouth 2017-19 Emerson Hyndman
0%
Barbados Crystal Palace, Wigan 2004-05, 2006-13 Emmerson Boyce
0%
USA Aston Villa 2010-13 Eric Lichaj
0%
Jamaica Man City 1992-95 Fitzroy Simpson
0%
USA Arsenal 2021-22 Folarin Balogun
0%
Jamaica Chelsea, Leicester 1992-2002, 2003-04 Frank Sinclair
0%
Canada Ipswich 1992-95 Frank Yallop
0%
Jamaica Reading 2012-13 Garath McCleary
0%
Trinidad & Tobago Arsenal 2008-09 Gavin Hoyte
0%
USA Stoke 2012-18 Geoff Cameron
0%
Jamaica Derby, West Brom 2007-08, 2010-11 Giles Barnes
0%
Barbados QPR 1995-96 Gregory Goodridge
0%
Mexico West Ham 2009-10 Guillermo Franco
0%
Haiti Burnley 2023-24 Hannes Delcroiz
0%
Honduras Wigan 2009-11 Hendry Thomas
0%
Trinidad & Tobago Crystal Palace 1994-95 Ian Cox
0%
USA West Ham, Derby 1999-2000, 2001-02 Ian Feuer
0%
USA Aston Villa 2019-20 Indiana Vassilev
0%
Jamaica Newcastle 2017-22 Isaac Hayden
0%
Honduras Coventry 2000-01 Ivan Guerrero
0%
Jamaica Charlton 2002-04 Jamal Campbell-Ryce
0%
Jamaica Norwich 2013-14 Jamar Loza
0%
Jamaica Leicester, Bradford 1994-95, 1996-97, 1999-2001 Jamie Lawrence
0%
Mexico Bolton 2005-06 Jared Borgetti
0%
Jamaica Wimbledon, Charlton, Middlesbrough, Blackpool 1995-2000, 2001-07, 2010-11 Jason Euell
0%
Grenada West Brom, Portsmouth, Wigan, Blackburn, Reading 2002-04, 2005-13 Jason Roberts
0%
Trinidad & Tobago Wigan 2009-10 Jason Scotland
0%
Haiti Wolves 2023-present Jean-Ricner Bellegarde
0%
Jamaica Everton 2010-12 Jermaine Beckford
0%
Canada Norwich 2004-05 Jim Brennan
0%
Trinidad & Tobago Aston Villa, Bolton 1999-2010 Jlloyd Samuel
0%
Jamaica Reading 2012-13 Jobi McAnuff
0%
Costa Rica Arsenal 2014-16 Joel Campbell
0%
Suriname Leeds 2025-present Joel Piroe
0%
St Kitts & Nevis Aston Villa 2012-14 Jordan Bowery
0%
USA Norwich 2021-22 Josh Sargent
0%
USA Birmingham 2002-04 Jovan Kirovski
0%
USA QPR 1995-96 Juergen Sommer
0%
Curacao Huddersfield 2018-19 Juninho Bacuna
0%
Curacao Brighton 2017-20, 2021-22 Jurgen Locadia
0%
Trinidad & Tobago Arsenal, Sunderland, Middlesbrough 2002-09 Justin Hoyte
0%
Jamaica Huddersfield 2017-18 Kasey Palmer
0%
Curacao Swansea 2011-13 Kemy Agustien
0%
Curacao Swansea 2014-15 Kenji Gorre
0%
Jamaica Charlton 1998-99, 2000-07 Kevin Lisbie
0%
Jamaica Liverpool 2015-17 Kevin Stewart
0%
Bermuda Coventry 1997-98 Kyle Lightbourne
0%
Curacao Aston Villa, Cardiff 2013-16, 2018-19 Leandro Bacuna
0%
Jamaica Watford 2006-07 Lee Williamson
0%
Guyana Stoke, Burnley 2008-10 Leon Cort
0%
Jamaica Norwich, Bournemouth 2015-17 Lewis Grabban
0%
Jamaica Watford 2006-07 Lloyd Doyley
0%
Jamaica Sheffield United 2006-07 Luton Shelton
0%
USA Sunderland 2016-17 Lynden Gooch
0%
Jamaica Wimbledon 1993-2000 Marcus Gayle
0%
Guyana Fulham 2006-07, 2010-14 Matthew Briggs
0%
USA Chelsea 2015-16 Matt Miazga
0%
Costa Rica Derby 1996-98 Mauricio Solis
0%
Honduras Wigan, Hull City 2007-15 Maynor Figueroa
0%
Jamaica Watford 1999-2000 Micah Hyde
0%
Jamaica Fulham 2020-21 Michael Hector
0%
Mexico Watford 2015-16 Miguel Layun
0%
Antigua & Barbuda Crystal Palace, Sheff Utd, Reading 2004-05, 2006-07, 2012-13 Mikele Leigertwood
0%
Honduras Sunderland 1999-2000 Milton Nunez
0%
Antigua & Barbuda Watford 2006-07 Moses Ashikodi
0%
Bermuda Burnley 2017-18 Nahki Wells
0%
Guatemala Cardiff 2018-19 Nathaniel Mendez-Laing
0%
Guyana Blackburn, Birmingham 2002-04, 2007-08 Neil Danns
0%
Mexico Man City 2007-08 Nery Castillo
0%
Barbados Blackburn, Readin 2011-13 Nick Blackman
0%
Jamaica Sunderland 2005-06, 2007-10 Nyron Nosworthy
0%
USA Newcastle 2006-07 Oguchi Onyewu
0%
USA Wolves 2020-21 Owen Otasowie
0%
Mexico West Ham 2010-11 Pablo Barrera
0%
Jamaica Coventry 1998-2000 Paul Hall
0%
Barbados Sheff Utd 2006-07 Paul Ifill
0%
Canada Spurs, Fulham 2005-08 Paul Stalteri
0%
USA Everton 1992-94 Preki
0%
Jamaica West Ham, Sheffield United 2013-15, 2019-20 Ravel Morrison
0%
Jamaica Portsmouth, Stoke 2004-05, 2008-12 Ricardo Fuller
0%
Jamaica Bolton 2001-12 Ricardo Gardner
0%
Curacao Sheff Utd 2019-20 Richairo Zivkovic
0%
Jamaica Brentford 2021-present Rico Henry
0%
Jamaica Wimbledon 1992-2000 Robbie Earle
0%
Honduras Wigan 2012-13 Roger Espinoza
0%
St Kitts & Nevis West Brom 2020-21 Romaine Sawyers
0%
USA Blackburn, Coventry 1992-95 Roy Wegerle
0%
Suriname West Brom 2008-09 Ryan Donk
0%
St Kitts & Nevis Crystal Palace 1997-98 Sagi Burton
0%
Trinidad & Tobago Newcastle, West Ham, Portsmouth 1995-2002, 2003-06 Shaka Hislop
0%
Grenada Brentford 2021-24 Shandon Baptiste
0%
Jamaica Reading 2012-13 Shaun Cummings
0%
Curacao West Brom 2008-09 Shelton Martis
0%
Canada Norwich 2011-13 Simeon Jackson
0%
Jamaica Aston Villa 2012-13 Simon Dawkins
0%
USA Bolton 2009-11 Stuart Holden
0%
Canada Man City 2000-01 Terry Dunfield
0%
Jamaica Watford 2006-07 Theo Robinson
0%
Canada Everton, Fulham 2001-07 Tomasz Radzinski
0%
Trinidad & Tobago Fulham 2005-06, 2007-08 Tony Warner
0%
Jamaica Leicester 2000-02, 2003-04 Trevor Benjamin
0%
Curacao Newcastle 2012-16 Vurnon Anita
0%
USA Leeds 2022-23 Weston McKennie
0%
Haiti Sunderland 2025-present Wilson Isidor
0%
USA Man City 2020-22 Zack Steffen
0%
USA Norwich 2011-12 Zak Whitbread
0%
No matching quizzes found
Score Distribution
Percent of People with Each Score
Percentile by Number Answered
Your Score History
You have not taken this quiz since the last reset